000 00754nam a2200229Ia 4500
003 GCL
005 20240530102322.0
008 140319s9999 xx 000 0 ara d
040 _aGCL /
_cGCL
082 0 4 _a811.973
_bن ش
100 1 _aنادرة جميل السراج
245 1 0 _aشعراء الرابطة القلمية , دراسات فى شعر المهجر /
_cنادرة جميل السراج
260 _a[S.N] :
_bدار المعارف ،
_c1989
300 _a352 ص
490 _aمكتبة الدراسات الادبية
_v0
650 0 4 _aالشعر العربى
650 0 4 _aالادب العربى
650 0 4 _aالعصر الحديث
650 0 4 _aشعر المهجر
650 0 4 _aتاريخ ونقد
942 _2ddc
_cBK
999 _c31410
_d31410